00562cam a2200181 a 4500001000800000005001700008008004100025040001800066082002100084100002400105245010600129260004700235300001800282500002000300650002100320650002200341650001700363427519920240228041213.0840928s1983 ii b 001 0 eng  aDLCcDLCdDLC00a322.3.219bSOC.1 aSurana, Pushpendra.10aSocial movements and social structure :ba study in the princely state of Mewar /cPushpendra Surana. aNew Delhi :bManohar Publications /c1983. axiv, 194 p. : aIncludes index. 0aSocial movements 0aPeasant uprisings 0aFarm tenancy